Law code of Viṣṇu: A critical edition and annotated translation th Vaisnava-Dharmasastra (Record no. 33549)
[ view plain ]
| 000 -LEADER | |
|---|---|
| fixed length control field | 00508nam a2200169Ia 4500 |
| 008 - FIXED-LENGTH DATA ELEMENTS--GENERAL INFORMATION | |
| fixed length control field | 230917s9999||||xx |||||||||||||| ||und|| |
| 020 ## - ISBN | |
| Price | RS1895 |
| 040 ## - CATALOGING SOURCE | |
| -- | 258690 |
| Original cataloging agency | VIVEKANANDA LIBRARY |
| 041 ## - Language | |
| -- | English |
| 082 ## - DDC NUMBER | |
| Classification number | 294.594 O4L |
| 100 ## - MAIN ENTRY--PERSONAL NAME | |
| Personal name | Olivelle, Patrick |
| 245 #0 - TITLE STATEMENT | |
| Title | Law code of Viṣṇu: A critical edition and annotated translation th Vaisnava-Dharmasastra |
| 260 ## - PUBLICATION, DISTRIBUTION, ETC. (IMPRINT) | |
| Place of publication, distribution, etc | Delhi |
| Name of publisher, distributor, etc | Primus Books |
| Date of publication, distribution, etc | 2018 |
| 300 ## - PHYSICAL DESCRIPTION | |
| Pages | x, 593 p. |
| 500 ## - GENERAL NOTE | |
| General note | 3688 30/10/2019 HBD19/8002 19/11/2019 Main Budget |
| 942 ## - ADDED ENTRY ELEMENTS (KOHA) | |
| Koha item type | Books |
| Withdrawn status | Lost status | Damaged status | Not for loan | Location (home branch) | Sublocation or collection (holding branch) | Date acquired | Koha issues (times borrowed) | Koha full call number | Accession No. | Koha date last seen | Koha item type |
|---|---|---|---|---|---|---|---|---|---|---|---|
| VIVEKANANDA LIBRARY | VIVEKANANDA LIBRARY | 28/11/2019 | 294.594 O4L | 395206 | 17/09/2023 | Books | |||||
| VIVEKANANDA LIBRARY | VIVEKANANDA LIBRARY | 28/11/2019 | 294.594 O4L | 395207 | 17/09/2023 | Books |
